| 000 | 00382nam a2200133Ia 4500 | ||
|---|---|---|---|
| 005 | 20260328104319.0 | ||
| 008 | 260328s9999||||xx |||||||||||||| ||und|| | ||
| 100 | _aDe la Puerta, Jose Maria | ||
| 245 | 0 |
_aVivienda Y Clima : _b Housing and Climate 1999-2019 / _cJose Maria De la Puerta |
|
| 260 | _bBiblioteca Tc | ||
| 300 | _a283 p. | ||
| 650 | _aARQUITECTURA Y CLIMA | ||
| 942 | _cBK | ||
| 999 |
_c11268 _d11268 |
||